| 000 | 00597nam a2200217Ia 4500 | ||
|---|---|---|---|
| 008 | 131103s9999 xx 000 0 und d | ||
| 020 | _a356054187 | ||
| 040 | _aLoreto College | ||
| 041 | _aEnglish | ||
| 082 |
_a913/MAR _bLCBED/9560 |
||
| 100 | _aMarchington, Trevor | ||
| 245 |
_aTropical land _cTrevor Marchington, edited by Hilary Bunce |
||
| 250 | _aMetric ed | ||
| 260 |
_aLondon _bMacdonald Educational _c1977 |
||
| 300 |
_a24p. _b pic. _c 24cm. |
||
| 440 | _aMacdonald Colour Units | ||
| 650 | _aGeography | ||
| 700 | _aBunce, Hilary;ed. | ||
| 850 | _aLCBED/913/MAR | ||
| 942 | _cBK | ||
| 999 |
_c29993 _d80472 |
||